000 00446nam a22001817a 4500
003 MPLRDC
005 20220104125426.0
008 210129b ||||| |||| 00| 0 eng d
082 _a857.9 WRA v.7B
100 _a温瑞安
245 _a敬请造反一次. 卷下
_c
250 _a初版
260 _a
_b敦煌出版社
_c1990
300 _b
490 _a温瑞安武侠丛刊. 7
650 _a武侠小说
942 _cBK
_o857.9 WRA v.7B
999 _c27258
_d27248